[Event "Muensterland Verbandsklasse-A 1112"]
[Site "Germany"]
[Date "2011.09.17"]
[Round "1.3"]
[White "Schroer, Klaus"]
[Black "Hoeggemann, Horst"]
[Result "1-0"]
[WhiteElo "1962"]
[BlackElo "1641"]
[PlyCount "67"]
[EventDate "2011.09.17"]
[EventType "team-tourn"]
[EventRounds "9"]
[EventCountry "GER"]
[SourceTitle "EXT 2013"]
[Source "ChessBase"]
[SourceDate "2012.11.22"]
[SourceVersion "1"]
[SourceVersionDate "2012.11.22"]
[SourceQuality "1"]
[WhiteTeam "Borken"]
[BlackTeam "Ostbevern Westbevern II"]
[WhiteTeamCountry "GER"]
[BlackTeamCountry "GER"]

1. e4 g6 2. d4 Bg7 3. f4 d6 4. Nf3 Nd7 5. Be3 e6 6. Bd3 Ne7 7. 0-0 0-0 8. c3 b6 9. Nbd2 Bb7 10. h3 Rc8 11. Rc1 Kh8 12. g4 c5 13. Nc4 Qc7 14. e5 d5 15. Nd6 Rcd8 16. Ng5 Kg8 17. Ndxf7 Rxf7 18. Nxe6 Qc8 19. Nxd8 Qxd8 20. e6 Rf8 21. exd7 Qxd7 22. Qd2 Qc7 23. b4 c4 24. Bc2 Bc8 25. Rce1 Bd7 26. Bf2 Nc6 27. Bg3 Qc8 28. Qg2 Nxb4 29. cxb4 Bxd4+ 30. Bf2 Bxf2+ 31. Qxf2 Qd8 32. Qd4 Bc6 33. Re6 Qh4 34. Qf2 1-0

[Event "Muensterland Verbandsliga 1011"]
[Site "Germany"]
[Date "2011.01.15"]
[Round "5.8"]
[White "Hoeggemann, Horst"]
[Black "Dittberner, Markus"]
[Result "1/2-1/2"]
[WhiteElo "1644"]
[BlackElo "1820"]
[PlyCount "54"]
[EventDate "2010.09.25"]
[EventType "team-tourn"]
[EventRounds "9"]
[EventCountry "GER"]
[SourceTitle "EXT 2012"]
[Source "ChessBase"]
[SourceDate "2011.11.24"]
[SourceVersion "1"]
[SourceVersionDate "2011.11.24"]
[SourceQuality "1"]
[WhiteTeam "Ostbevern Westbevern"]
[BlackTeam "Muenster Indische Dame"]
[WhiteTeamCountry "GER"]
[BlackTeamCountry "GER"]

1. e4 c5 2. Nf3 d6 3. d4 cxd4 4. Nxd4 Nf6 5. Bd3 g6 6. 0-0 Bg7 7. c3 Nc6 8. Re1 0-0 9. Nf3 Qc7 10. Na3 a6 11. Nc2 Bg4 12. h3 Bxf3 13. Qxf3 Ne5 14. Qe2 Rad8 15. f4 Nxd3 16. Qxd3 d5 17. exd5 Nxd5 18. Qe4 f5 19. Qe2 e5 20. fxe5 Rfe8 21. Bg5 Bf6 22. Bxf6 Nxf6 23. Nd4 Ne4 24. e6 Qb6 25. Rab1 Rxe6 26. Qe3 Rf6 27. Re2 Qc7 1/2-1/2

[Event "Muensterland Verbandsklasse-B 0405"]
[Site "Muensterland"]
[Date "2004.11.27"]
[Round "4.7"]
[White "Pusch, Herbert"]
[Black "Hoeggemann, Horst"]
[Result "1-0"]
[WhiteElo "1635"]
[BlackElo "1572"]
[PlyCount "122"]
[EventDate "2004.09.11"]
[EventType "team"]
[EventRounds "9"]
[EventCountry "GER"]
[SourceTitle "EXT 2006"]
[Source "ChessBase"]
[SourceDate "2005.11.24"]
[SourceVersion "1"]
[SourceVersionDate "2005.11.24"]
[SourceQuality "1"]
[WhiteTeam "Stadtlohn"]
[BlackTeam "Westbevern II"]
[WhiteTeamCountry "GER"]
[BlackTeamCountry "GER"]

1. Nf3 g6 2. c3 Bg7 3. d4 d6 4. e4 Nd7 5. Bc4 Nb6 6. Bb3 e6 7. 0-0 Ne7 8. a4 0-0 9. a5 Nd7 10. Bg5 e5 11. Qc2 Kh8 12. Bh4 Qe8 13. dxe5 Nxe5 14. Nxe5 Bxe5 15. f4 Bg7 16. Bg3 f6 17. Nd2 Nc6 18. Bd5 Be6 19. Qb3 Bxd5 20. Qxd5 Qf7 21. a6 Qxd5 22. exd5 Nd8 23. Rfe1 bxa6 24. Rxa6 Nb7 25. b4 f5 26. Nb1 Bf6 27. Bf2 Kg8 28. g3 Kf7 29. c4 Rfb8 30. Rc6 Rc8 31. c5 a5 32. cxd6 cxd6 33. b5 a4 34. Rec1 Nc5 35. Na3 Rd8 36. Rc7+ Rd7 37. Rxd7+ Nxd7 38. Rc7 Ke8 39. b6 Bb2 40. b7 Rd8 41. Nc4 a3 42. Nxd6+ Ke7 43. Nc8+ Ke8 44. Nd6+ Ke7 45. Bc5 a2 46. Nxf5+ Kf7 47. Nd6+ Kg8 48. Rc8 a1Q+ 49. Kg2 Bf6 50. Ne4 Qb2+ 51. Kh3 Nxc5 52. Nxc5 Be7 53. d6 Bf6 54. Nd7 Qb3 55. Nxf6+ Kf7 56. Rxd8 Kxf6 57. b8Q Qe6+ 58. Kh4 Qd5 59. Rf8+ Kg7 60. Rg8+ Kf6 61. Qf8+ Ke6 1-0

[Event "Muensterland Verbandsklasse-B 0304"]
[Site "Germany"]
[Date "2004.04.17"]
[Round "9.8"]
[White "Hoeggemann, Horst"]
[Black "Spoeler, Gerd"]
[Result "1/2-1/2"]
[WhiteElo "1551"]
[BlackElo "1634"]
[PlyCount "33"]
[EventDate "2003.09.20"]
[EventType "team"]
[EventRounds "9"]
[EventCountry "GER"]
[SourceTitle "EXT 2005"]
[Source "ChessBase"]
[SourceDate "2004.11.15"]
[SourceVersion "1"]
[SourceVersionDate "2004.11.15"]
[SourceQuality "1"]
[WhiteTeam "Westbevern II"]
[BlackTeam "Heiden"]
[WhiteTeamCountry "GER"]
[BlackTeamCountry "GER"]

1. e4 e6 2. d4 d5 3. exd5 exd5 4. Nf3 Nf6 5. Bd3 Bd6 6. 0-0 0-0 7. Bg5 Bg4 8. Nbd2 Nbd7 9. c3 c6 10. Re1 Qc7 11. Qc2 Rfe8 12. h3 Bh5 13. Nh4 Bf4 14. Bxf4 Qxf4 15. g3 Qc7 16. Ng2 Bg6 17. Nf4 1/2-1/2